000 00512nam a2200181Ia 4500
999 _c14815
_d14815
003 OSt
005 20201022094024.0
008 190216s9999||||xx |||||||||||||| ||und||
020 _a8130907283
040 _coclc
082 _a818.5409
_bANG/I
100 _a Angelous, Maya
_96001
245 0 _aI Know Why The Caged Bird Sings /
_cMaya Angelous
260 _bViva Book,
_c2007.
_aNew delhi:
300 _a100p
650 _aEnglish
942 _cBK
_2ddc
_h818.5409
_iANG/I
_k818.5409
_mANG/I